Predpoklady účinného využitia informačných a komunikačných technológií v podnikoch služieb

Identifikácia predpokladov účinného využitia IKT v podnikoch služieb a súčasný stav ich implementácie.

Salvato in:
Dettagli Bibliografici
Autore principale: Benešová, Dana, 1958-
Natura: Capitolo di libro
Lingua:slovacco
Soggetti:
Tags: Aggiungi Tag
Nessun Tag, puoi essere il primo ad aggiungerne!!

MARC

LEADER 00000nla$a2200000$$$4500
001 0146154
005 20240502072633.2
041 0 |a slo 
044 |a SK 
245 1 0 |a Predpoklady účinného využitia informačných a komunikačných technológií v podnikoch služieb  |c Dana Benešová 
520 |a Identifikácia predpokladov účinného využitia IKT v podnikoch služieb a súčasný stav ich implementácie. 
610 2 0 |a podnik služieb 
610 2 0 |a služby informačné 
610 2 0 |a technológie informačné 
610 2 0 |a technológie komunikačné 
610 2 0 |a podnikanie elektronické 
100 1 |a Benešová, Dana, 1958-